000 00721nam a2200253Ia 4500
003 OSt
005 20220918201510.0
006 a|||||r|||| 00| 0
007 ta
008 220917b |||||||| |||| 00| 0 eng d
024 _a94,376
037 _cTextual
040 _aARTS
_cARTS
_beng
041 _2eng
_aeng
082 _aV1N45:1:N5, J91 (TTW)
110 _aUnited nations
245 0 _aEveryman's United Nations
_b the structure functions and works of the organisation and its related agencies during the year 1945 -1958
250 _a6th
260 _c1959
650 _aHISTORY
700 _aUnited nations
942 _hV1N45:1:N5, J91 (TTW)
_cTEXL
_2CC
999 _c218001
_d218001